| 000 | 00691cab a2200217 4500 | ||
|---|---|---|---|
| 001 | WB3311-33 | ||
| 008 | 090401t1997 xxu||||| |||| 00| 0 eng d | ||
| 035 | _a(Sirsi) u77099 | ||
| 041 | _aeng | ||
| 245 | _aSouth East housing market | ||
| 260 | _c1997 | ||
| 350 | _a0 | ||
| 490 |
_aRICS Press Release _v(PR25.hms.se) 12 March 1997, (2) |
||
| 520 | _aThe RICS housing market survey shows a dearth of available houses in the South East which could contribute to a price rise. Price £15.00. | ||
| 650 | _aHOUSING MARKET | ||
| 650 | _aRICS SURVEY | ||
| 650 | _aSOUTH EAST | ||
| 690 | _aPROPERTY-RESIDENTIAL PROPERTY-RESIDENTIAL PROPERTY MARKET | ||
| 942 | _n0 | ||
| 948 | _c14/03/1997 | ||
| 999 |
_c48461 _d48461 |
||